000 00404nam a2200145Ia 4500
008 210210b2003 xxu||||| |||| 00| 0 eng d
082 _a398.1K RAMJ
100 _aRAMACHANDREGAUDA (Hi Shi).
245 _aJanapada siddantagalu.
260 _aBengaluru
_bKarnataka Janapada mattu Yakshagana Akademi.,
_c2003
300 _a20,214
650 _aTheories folklore
690 _aFolklore
906 _aSG04179
999 _c115128
_d115128